00481nam a2200157 a 4500008004100000020001500041050001500056110003100071245012200102260002600224300001600250350000900266650000900275650001700284650002200301090316s2004 ||||||||||||||||| || u a0540087149 aG 1021 Roy aRoyal Geographical Society10aPhilip's Canadian world atlascThe Royal Geographical Society in association with the Institute of British Geogrphers aLondonbPhilipsc2004 aviii, 224p. a0.00 aMAPS aCANADA--MAPS aATLASES, CANADIAN